[Event "DEM U18w 2018"]
[Site "Willingen GER"]
[Date "2018.05.20"]
[Round "1"]
[White "Sieber, Fiona"]
[Black "Kail, Sindy"]
[Result "1-0"]
[Termination "normal"]
[Board "1"]
[WhiteTitle "WIM"]
[WhiteElo "2234"]
[BlackElo "1819"]
[WhiteClock "00:16:28"]
[BlackClock "00:10:16"]
[PlyCount "55"]
[WhiteFideId "12902373"]
[BlackFideId "12988502"]
[EventCountry "GER"]
[EventRounds "9"]
[EventType "swiss"]
[EventDate "2018.05.19"]

1. e4 {[%clk 1:30:57]} 1... c5 {[%clk 1:30:55]} 2. Nf3 {[%clk 1:31:23]} 2... d6
{[%clk 1:31:19]} 3. d4 {[%clk 1:31:50]} 3... cxd4 {[%clk 1:31:43]} 4. Nxd4 {
[%clk 1:32:16]} 4... Nf6 {[%clk 1:32:05]} 5. Nc3 {[%clk 1:32:42]} 5... a6 {
[%clk 1:32:28]} 6. Be3 {[%clk 1:33:08]} 6... e5 {[%clk 1:32:41]} 7. Nb3 { [%clk
1:33:34]} 7... Be6 {[%clk 1:32:37]} 8. Qd2 {[%clk 1:33:58]} 8... Nbd7 { [%clk
1:32:14]} 9. f3 {[%clk 1:33:27]} 9... b5 {[%clk 1:31:47]} 10. g4 { [%clk
1:32:59]} 10... h6 {[%clk 1:31:04]} 11. O-O-O {[%clk 1:32:23]} 11... Qc7 {[%clk
1:30:03]} 12. Nd5 {[%clk 1:27:45]} 12... Bxd5 {[%clk 1:25:41]} 13. exd5 {[%clk
1:28:09]} 13... Nb6 {[%clk 1:25:24]} 14. Bxb6 {[%clk 1:27:54]} 14... Qxb6
{[%clk 1:25:46]} 15. Na5 {[%clk 1:22:42]} 15... Rc8 {[%clk 1:15:54]} 16. Kb1
{[%clk 1:20:21]} 16... Nxd5 {[%clk 1:09:47]} 17. Qxd5 {[%clk 1:20:20]} 17...
Qxa5 {[%clk 1:09:30]} 18. Bd3 {[%clk 1:05:40]} 18... Qb6 {[%clk 0:56:56]} 19.
c4 {[%clk 0:47:59]} 19... b4 {[%clk 0:47:22]} 20. f4 {[%clk 0:42:03]} 20... Rc5
{[%clk 0:37:12]} 21. Qa8+ {[%clk 0:39:55]} 21... Ke7 {[%clk 0:36:35]} 22. fxe5
{[%clk 0:39:01]} 22... Rxe5 {[%clk 0:32:55]} 23. Rhf1 {[%clk 0:23:13]} 23... h5
{[%clk 0:20:41]} 24. c5 {[%clk 0:22:01]} 24... Rxc5 {[%clk 0:18:38]} 25. Bc4
{[%clk 0:17:08]} 25... f6 {[%clk 0:15:07]} 26. Rfe1+ {[%clk 0:16:16]} 26... Re5
{[%clk 0:14:56]} 27. Rxe5+ {[%clk 0:16:30]} 27... fxe5 { [%clk 0:10:16]} 28.
Rf1 {[%clk 0:16:28]} 1-0

[Event "DEM U18w 2018"]
[Site "Willingen GER"]
[Date "2018.05.20"]
[Round "1"]
[White "Ratay, Meike"]
[Black "Rogozenco, Teodora"]
[Result "0-1"]
[Termination "normal"]
[Board "2"]
[BlackTitle "WFM"]
[WhiteElo "1831"]
[BlackElo "2090"]
[WhiteClock "00:00:36"]
[BlackClock "00:00:55"]
[PlyCount "66"]
[WhiteFideId "12977608"]
[BlackFideId "12938084"]
[EventCountry "GER"]
[EventRounds "9"]
[EventType "swiss"]
[EventDate "2018.05.19"]

1. e4 {[%clk 1:30:58]} 1... e5 {[%clk 1:30:53]} 2. Nf3 {[%clk 1:31:24]} 2...
Nc6 {[%clk 1:30:53]} 3. Bb5 {[%clk 1:31:47]} 3... a6 {[%clk 1:31:17]} 4. Bxc6 {
[%clk 1:32:11]} 4... dxc6 {[%clk 1:31:32]} 5. O-O {[%clk 1:32:34]} 5... Qf6 {
[%clk 1:31:54]} 6. d4 {[%clk 1:23:29]} 6... exd4 {[%clk 1:30:56]} 7. Qxd4 {
[%clk 1:22:17]} 7... Qxd4 {[%clk 1:28:43]} 8. Nxd4 {[%clk 1:20:59]} 8... Bd7 {
[%clk 1:22:14]} 9. Be3 {[%clk 1:12:44]} 9... O-O-O {[%clk 1:19:24]} 10. Nd2 {
[%clk 1:11:00]} 10... g6 {[%clk 1:04:24]} 11. c3 {[%clk 1:02:48]} 11... Bg7 {
[%clk 1:02:02]} 12. Nc4 {[%clk 0:55:12]} 12... Re8 {[%clk 0:59:50]} 13. Nd2 {
[%clk 0:48:36]} 13... Nh6 {[%clk 0:45:37]} 14. f3 {[%clk 0:45:52]} 14... f5 {
[%clk 0:43:51]} 15. Rfe1 {[%clk 0:45:31]} 15... c5 {[%clk 0:38:07]} 16. Ne2 {
[%clk 0:41:57]} 16... b6 {[%clk 0:37:18]} 17. Nf4 {[%clk 0:39:01]} 17... Nf7 {
[%clk 0:34:00]} 18. exf5 {[%clk 0:32:38]} 18... Bxf5 {[%clk 0:33:56]} 19. Nc4 {
[%clk 0:30:53]} 19... Kb7 {[%clk 0:19:51]} 20. Rad1 {[%clk 0:27:59]} 20... Kc6
{[%clk 0:19:25]} 21. Kf2 {[%clk 0:25:11]} 21... Rhf8 {[%clk 0:18:01]} 22. h4 {
[%clk 0:21:06]} 22... h6 {[%clk 0:17:04]} 23. g4 {[%clk 0:17:26]} 23... Bxg4 {
[%clk 0:05:17]} 24. Nxg6 {[%clk 0:09:46]} 24... Bxf3 {[%clk 0:05:28]} 25. Rc1 {
[%clk 0:08:11]} 25... Bd5 {[%clk 0:03:52]} 26. Nxf8 26... Rxf8 {[%clk 0:04:18]}
27. Nd2 {[%clk 0:07:04]} 27... Ne5+ {[%clk 0:02:05]} 28. Ke2 {[%clk 0:07:17]}
28... Be6 {[%clk 0:02:10]} 29. Bg1 {[%clk 0:04:13]} 29... h5 {[%clk 0:01:03]}
30. Ne4 {[%clk 0:01:47]} 30... Bc4+ {[%clk 0:00:48]} 31. Ke3 {[%clk 0:01:24]}
31... Nd3 {[%clk 0:00:54]} 32. Rf1 {[%clk 0:00:41]} 32... Nxc1 {[%clk 0:01:00]}
33. Rxc1 {[%clk 0:00:36]} 33... Bxa2 {[%clk 0:00:55]} 0-1

[Event "DEM U18w 2018"]
[Site "Willingen GER"]
[Date "2018.05.20"]
[Round "1"]
[White "Sewald, Kathrin"]
[Black "Diener, Carolin Valeria"]
[Result "1-0"]
[Termination "normal"]
[Board "3"]
[WhiteElo "2035"]
[BlackElo "1957"]
[WhiteClock "00:03:06"]
[BlackClock "00:00:35"]
[PlyCount "55"]
[WhiteFideId "12964557"]
[BlackFideId "24699063"]
[EventCountry "GER"]
[EventRounds "9"]
[EventType "swiss"]
[EventDate "2018.05.19"]

1. e4 {[%clk 1:30:58]} 1... e5 {[%clk 1:30:55]} 2. Nf3 {[%clk 1:31:25]} 2...
Nc6 {[%clk 1:31:20]} 3. Bc4 {[%clk 1:31:50]} 3... Bc5 {[%clk 1:31:45]} 4. c3 {
[%clk 1:32:17]} 4... Nf6 {[%clk 1:32:05]} 5. d3 {[%clk 1:32:40]} 5... d6 {
[%clk 1:31:20]} 6. Bb3 {[%clk 1:29:39]} 6... a6 {[%clk 1:30:47]} 7. Nbd2 {
[%clk 1:29:45]} 7... O-O {[%clk 1:29:51]} 8. Nf1 {[%clk 1:30:06]} 8... d5 {
[%clk 1:18:11]} 9. Qe2 {[%clk 1:23:39]} 9... dxe4 {[%clk 1:15:47]} 10. dxe4 {
[%clk 1:23:34]} 10... h6 {[%clk 1:04:41]} 11. Ng3 {[%clk 1:20:01]} 11... Qe7 {
[%clk 1:01:12]} 12. h3 {[%clk 1:11:07]} 12... b5 {[%clk 0:47:04]} 13. Nh4 {
[%clk 1:00:32]} 13... Rd8 {[%clk 0:34:15]} 14. O-O {[%clk 0:55:40]} 14... Qe8 {
[%clk 0:32:02]} 15. Ngf5 {[%clk 0:50:33]} 15... Bf8 {[%clk 0:23:49]} 16. Qf3 {
[%clk 0:44:12]} 16... Nh7 {[%clk 0:16:06]} 17. Qg3 {[%clk 0:19:47]} 17... g5 {
[%clk 0:08:59]} 18. Ng6 {[%clk 0:12:45]} 18... Bxf5 {[%clk 0:08:45]} 19. exf5 {
[%clk 0:13:04]} 19... Bd6 {[%clk 0:01:47]} 20. f4 {[%clk 0:08:56]} 20... Kg7 {
[%clk 0:01:27]} 21. f6+ {[%clk 0:06:10]} 21... Kxg6 {[%clk 0:00:41]} 22. fxe5 {
[%clk 0:06:04]} 22... Bc5+ {[%clk 0:00:36]} 23. Kh1 {[%clk 0:06:04]} 23... h5 {
[%clk 0:00:37]} 24. Bc2+ {[%clk 0:05:57]} 24... Kh6 {[%clk 0:00:59]} 25. Rf5 {
[%clk 0:03:12]} 25... Qg8 {[%clk 0:00:40]} 26. h4 {[%clk 0:03:07]} 26... Nf8 {
[%clk 0:01:01]} 27. Rxg5 {[%clk 0:03:01]} 27... Ng6 {[%clk 0:00:35]} 28. Rxh5+
{[%clk 0:03:06]} 1-0

[Event "DEM U18w 2018"]
[Site "Willingen GER"]
[Date "2018.05.20"]
[Round "1"]
[White "Riegel, Arinna"]
[Black "Wächter, Nathalie"]
[Result "0-1"]
[Termination "normal"]
[Board "4"]
[WhiteElo "1906"]
[BlackElo "1954"]
[WhiteClock "00:16:57"]
[BlackClock "00:02:12"]
[PlyCount "114"]
[WhiteFideId "12931446"]
[BlackFideId "12921033"]
[EventCountry "GER"]
[EventRounds "9"]
[EventType "swiss"]
[EventDate "2018.05.19"]

1. Nf3 {[%clk 1:30:54]} 1... d5 {[%clk 1:30:47]} 2. g3 {[%clk 1:31:05]} 2...
Nf6 {[%clk 1:31:02]} 3. Bg2 {[%clk 1:31:28]} 3... e6 {[%clk 1:31:22]} 4. O-O {
[%clk 1:31:40]} 4... Nbd7 {[%clk 1:31:18]} 5. d4 {[%clk 1:31:56]} 5... b5 {
[%clk 1:31:27]} 6. a4 {[%clk 1:28:11]} 6... b4 {[%clk 1:31:29]} 7. a5 { [%clk
1:26:47]} 7... a6 {[%clk 1:30:23]} 8. c4 {[%clk 1:22:02]} 8... bxc3 { [%clk
1:30:31]} 9. bxc3 {[%clk 1:22:09]} 9... Bb7 {[%clk 1:17:47]} 10. Bf4 { [%clk
1:15:15]} 10... c5 {[%clk 1:09:07]} 11. Ne5 {[%clk 1:06:23]} 11... Rc8 { [%clk
0:54:45]} 12. Qa4 {[%clk 1:02:02]} 12... Be7 {[%clk 0:46:25]} 13. c4 { [%clk
0:55:27]} 13... O-O {[%clk 0:41:04]} 14. Nxd7 {[%clk 0:45:27]} 14... Nxd7
{[%clk 0:38:52]} 15. cxd5 {[%clk 0:39:00]} 15... Bxd5 {[%clk 0:30:25]} 16. Bxd5
{[%clk 0:32:41]} 16... exd5 {[%clk 0:28:08]} 17. Ra2 {[%clk 0:31:40]} 17... Bf6
{[%clk 0:10:45]} 18. dxc5 {[%clk 0:18:45]} 18... Nxc5 {[%clk 0:11:03]} 19. Qd1
{[%clk 0:19:04]} 19... Ne4 {[%clk 0:09:43]} 20. Qd3 {[%clk 0:18:01]} 20... Nc5
{[%clk 0:06:54]} 21. Qf3 {[%clk 0:15:03]} 21... d4 {[%clk 0:07:01]} 22. Rd1 {
[%clk 0:12:52]} 22... Qd7 {[%clk 0:05:54]} 23. Nc3 {[%clk 0:11:09]} 23... Rfd8
{[%clk 0:04:41]} 24. Ne4 {[%clk 0:09:48]} 24... Nxe4 {[%clk 0:04:32]} 25. Qxe4
{[%clk 0:10:16]} 25... Re8 {[%clk 0:04:15]} 26. Qd3 {[%clk 0:10:22]} 26... Qe6
{[%clk 0:04:35]} 27. Rb2 {[%clk 0:09:30]} 27... Rc3 {[%clk 0:04:11]} 28. Qd2 {
[%clk 0:09:07]} 28... Qf5 {[%clk 0:03:13]} 29. Ra2 {[%clk 0:08:50]} 29... Rd8 {
[%clk 0:01:45]} 30. h4 {[%clk 0:08:31]} 30... h6 {[%clk 0:01:58]} 31. Qb2 {
[%clk 0:07:18]} 31... d3 {[%clk 0:01:41]} 32. Qb6 {[%clk 0:06:24]} 32... Rdc8 {
[%clk 0:00:55]} 33. exd3 {[%clk 0:06:11]} 33... Rxd3 {[%clk 0:01:15]} 34. Rxd3
{[%clk 0:05:00]} 34... Qxd3 {[%clk 0:01:39]} 35. Rd2 {[%clk 0:04:43]} 35... Qe4
{[%clk 0:01:54]} 36. Rd1 {[%clk 0:04:07]} 36... Qf3 {[%clk 0:01:41]} 37. Qd6 {
[%clk 0:02:59]} 37... Rd8 {[%clk 0:01:55]} 38. Qxd8+ {[%clk 0:03:02]} 38...
Bxd8 {[%clk 0:02:19]} 39. Rxd8+ {[%clk 0:03:30]} 39... Kh7 {[%clk 0:02:42]} 40.
Bc7 {[%clk 0:03:38]} 40... Qg4 {[%clk 0:01:04]} 41. Bb6 {[%clk 0:02:22]} 41...
Qf3 {[%clk 0:00:48]} 42. Rd7 {[%clk 0:29:22]} 42... Kg6 {[%clk 0:24:52]} 43.
Rd6+ {[%clk 0:29:04]} 43... Kh5 {[%clk 0:22:05]} 44. Rd7 {[%clk 0:27:01]} 44...
g5 {[%clk 0:20:36]} 45. hxg5 {[%clk 0:27:17]} 45... hxg5 {[%clk 0:20:35]} 46.
Rd4 {[%clk 0:27:42]} 46... f5 {[%clk 0:18:46]} 47. Rd8 {[%clk 0:25:27]} 47...
f4 {[%clk 0:08:23]} 48. gxf4 {[%clk 0:25:27]} 48... gxf4 {[%clk 0:05:51]} 49.
Rh8+ {[%clk 0:25:11]} 49... Kg6 {[%clk 0:05:23]} 50. Rg8+ {[%clk 0:24:56]}
50... Kf7 {[%clk 0:03:12]} 51. Rd8 {[%clk 0:25:24]} 51... Ke6 {[%clk 0:03:26]}
52. Re8+ {[%clk 0:24:41]} 52... Kf7 {[%clk 0:03:47]} 53. Rd8 {[%clk 0:25:06]}
53... Qh3 {[%clk 0:04:01]} 54. Rd5 {[%clk 0:20:08]} 54... Qh4 {[%clk 0:01:18]}
55. Kg2 {[%clk 0:17:22]} 55... f3+ {[%clk 0:01:31]} 56. Kg1 {[%clk 0:16:55]}
56... Qg4+ {[%clk 0:01:47]} 57. Kf1 {[%clk 0:16:57]} 57... Qc4+ {[%clk 0:02:12]
} 0-1

[Event "DEM U18w 2018"]
[Site "Willingen GER"]
[Date "2018.05.20"]
[Round "1"]
[White "Möller, Hannah"]
[Black "Browning, Rebecca"]
[Result "1-0"]
[Termination "normal"]
[Board "6"]
[WhiteElo "1807"]
[BlackElo "1925"]
[WhiteClock "00:35:13"]
[BlackClock "00:35:34"]
[PlyCount "81"]
[WhiteFideId "1270514"]
[BlackFideId "12984027"]
[EventCountry "GER"]
[EventRounds "9"]
[EventType "swiss"]
[EventDate "2018.05.19"]

1. d4 d5 2. Nf3 Nc6 3. g3 Bg4 4. Bg2 Qd7 5. c4 dxc4 6. Na3 O-O-O 7. O-O Bxf3 8.
exf3 Nxd4 9. Nxc4 {[%clk 1:28:05]} 9... f6 {[%clk 1:28:42]} 10. f4 { [%clk
1:24:44]} 10... h5 {[%clk 1:14:33]} 11. Be3 {[%clk 1:22:41]} 11... h4 { [%clk
1:11:18]} 12. Na5 {[%clk 1:22:03]} 12... c6 {[%clk 1:06:35]} 13. Rc1 { [%clk
1:12:27]} 13... hxg3 {[%clk 1:04:16]} 14. fxg3 {[%clk 1:09:43]} 14... e5 {[%clk
1:03:08]} 15. Kh1 {[%clk 1:08:55]} 15... Ne7 {[%clk 1:02:02]} 16. fxe5 { [%clk
1:02:43]} 16... Nef5 {[%clk 0:57:56]} 17. Bf2 {[%clk 1:00:09]} 17... fxe5
{[%clk 0:57:02]} 18. a3 {[%clk 0:58:27]} 18... g5 {[%clk 0:56:08]} 19. Qd3 {
[%clk 0:55:56]} 19... Bd6 {[%clk 0:51:17]} 20. b4 {[%clk 0:54:51]} 20... Qh7 {
[%clk 0:50:51]} 21. h3 {[%clk 0:52:33]} 21... e4 {[%clk 0:46:19]} 22. Qxe4 {
[%clk 0:48:54]} 22... Bxg3 {[%clk 0:44:08]} 23. Bxd4 {[%clk 0:47:24]} 23...
Nxd4 {[%clk 0:44:23]} 24. Qg4+ {[%clk 0:47:45]} 24... Qd7 {[%clk 0:44:25]} 25.
Qxg3 {[%clk 0:44:53]} 25... Ne2 {[%clk 0:44:41]} 26. Qf2 {[%clk 0:42:47]} 26...
Nxc1 {[%clk 0:44:16]} 27. Rxc1 {[%clk 0:37:56]} 27... Rdf8 {[%clk 0:41:55]} 28.
Qxa7 {[%clk 0:36:29]} 28... Rxh3+ {[%clk 0:42:15]} 29. Kg1 {[%clk 0:36:53]}
29... Rc3 {[%clk 0:33:19]} 30. Qa8+ {[%clk 0:34:48]} 30... Kc7 {[%clk 0:33:41]}
31. Qxb7+ {[%clk 0:35:08]} 31... Kd8 {[%clk 0:34:05]} 32. Qb8+ {[%clk 0:35:12]}
32... Ke7 {[%clk 0:33:59]} 33. Qe5+ {[%clk 0:35:15]} 33... Kd8 {[%clk 0:33:36]}
34. Qxc3 {[%clk 0:35:12]} 34... Qa7+ {[%clk 0:33:36]} 35. Qc5 {[%clk 0:34:49]}
35... Qxc5+ {[%clk 0:34:02]} 36. Rxc5 {[%clk 0:35:14]} 36... g4 {[%clk 0:34:27]
} 37. Nxc6+ {[%clk 0:35:24]} 37... Kc7 {[%clk 0:34:47]} 38. Ne5+ { [%clk
0:35:25]} 38... Kd6 {[%clk 0:35:03]} 39. Nxg4 {[%clk 0:35:16]} 39... Rf4 {[%clk
0:35:22]} 40. Ne3 {[%clk 0:35:04]} 40... Rf7 {[%clk 0:35:34]} 41. Nc4+ { [%clk
0:35:13]} 1-0

[Event "DEM U18w 2018"]
[Site "Willingen GER"]
[Date "2018.05.20"]
[Round "1"]
[White "Köhler, Inken"]
[Black "Kolb, Verena"]
[Result "1-0"]
[Termination "normal"]
[Board "7"]
[WhiteElo "1879"]
[BlackElo "1665"]
[WhiteClock "00:02:27"]
[BlackClock "00:00:42"]
[PlyCount "75"]
[WhiteFideId "12929301"]
[BlackFideId "12992313"]
[EventCountry "GER"]
[EventRounds "9"]
[EventType "swiss"]
[EventDate "2018.05.19"]

1. c4 {[%clk 1:30:58]} 1... c6 {[%clk 1:25:36]} 2. Nc3 {[%clk 1:29:34]} 2... d5
{[%clk 1:25:03]} 3. cxd5 {[%clk 1:25:55]} 3... cxd5 {[%clk 1:25:25]} 4. d3 {
[%clk 1:25:53]} 4... Nf6 {[%clk 1:24:35]} 5. Nf3 {[%clk 1:25:17]} 5... Nc6 {
[%clk 1:23:25]} 6. g3 {[%clk 1:24:17]} 6... Bf5 {[%clk 1:14:37]} 7. Qa4 { [%clk
1:13:20]} 7... Qd7 {[%clk 1:01:41]} 8. Bg2 {[%clk 1:10:55]} 8... e6 { [%clk
1:00:09]} 9. O-O {[%clk 1:09:04]} 9... a6 {[%clk 0:53:18]} 10. Bf4 { [%clk
1:02:10]} 10... Bc5 {[%clk 0:38:25]} 11. Rac1 {[%clk 0:51:10]} 11... Ba7 {[%clk
0:29:15]} 12. Qa3 {[%clk 0:37:46]} 12... b5 {[%clk 0:26:40]} 13. Qd6 { [%clk
0:26:43]} 13... Rc8 {[%clk 0:13:09]} 14. Qxd7+ {[%clk 0:16:42]} 14... Nxd7
{[%clk 0:12:24]} 15. Nh4 {[%clk 0:13:10]} 15... Bg6 {[%clk 0:12:07]} 16. e4
{[%clk 0:12:15]} 16... dxe4 {[%clk 0:08:50]} 17. Nxg6 {[%clk 0:11:21]} 17...
hxg6 {[%clk 0:09:15]} 18. Nxe4 {[%clk 0:11:39]} 18... O-O {[%clk 0:04:58]} 19.
Nd6 {[%clk 0:10:47]} 19... e5 {[%clk 0:03:50]} 20. Nxc8 {[%clk 0:10:06]} 20...
Nd4 {[%clk 0:02:41]} 21. Nxa7 {[%clk 0:08:26]} 21... exf4 {[%clk 0:01:24]} 22.
Rc8 {[%clk 0:07:09]} 22... f3 {[%clk 0:01:12]} 23. Bh3 {[%clk 0:05:22]} 23...
Ne5 {[%clk 0:01:19]} 24. Rfc1 {[%clk 0:03:19]} 24... Ne2+ {[%clk 0:01:25]} 25.
Kf1 {[%clk 0:03:40]} 25... Nxc1 {[%clk 0:01:34]} 26. Rxc1 {[%clk 0:04:06]}
26... g5 {[%clk 0:01:56]} 27. Bf5 {[%clk 0:03:46]} 27... g6 {[%clk 0:02:09]}
28. Be4 {[%clk 0:04:03]} 28... f5 {[%clk 0:02:28]} 29. Bd5+ {[%clk 0:03:56]}
29... Kg7 {[%clk 0:02:43]} 30. d4 {[%clk 0:03:18]} 30... Nd3 {[%clk 0:02:10]}
31. Rc7+ {[%clk 0:02:55]} 31... Kh6 {[%clk 0:02:27]} 32. Bxf3 {[%clk 0:02:33]}
32... Re8 {[%clk 0:01:57]} 33. Be2 {[%clk 0:01:57]} 33... Nxb2 {[%clk 0:01:15]}
34. Nc8 {[%clk 0:01:29]} 34... Na4 {[%clk 0:01:08]} 35. Nd6 {[%clk 0:01:29]}
35... Re6 {[%clk 0:00:34]} 36. Nf7+ {[%clk 0:01:52]} 36... Kg7 {[%clk 0:00:35]}
37. Nd8+ {[%clk 0:02:02]} 37... Kf6 {[%clk 0:00:42]} 38. Rf7# {[%clk 0:02:27]}
1-0

[Event "DEM U18w 2018"]
[Site "Willingen GER"]
[Date "2018.05.20"]
[Round "1"]
[White "Lohrmann, Tabea"]
[Black "Ley, Sabrina"]
[Result "0-1"]
[Termination "normal"]
[Board "8"]
[WhiteElo "1632"]
[BlackElo "1882"]
[WhiteClock "00:07:22"]
[BlackClock "00:04:19"]
[PlyCount "126"]
[WhiteFideId "12911941"]
[BlackFideId "12938130"]
[EventCountry "GER"]
[EventRounds "9"]
[EventType "swiss"]
[EventDate "2018.05.19"]

1. e4 {[%clk 1:30:55]} 1... d5 {[%clk 1:30:56]} 2. exd5 {[%clk 1:31:10]} 2...
Qxd5 {[%clk 1:31:20]} 3. Nc3 {[%clk 1:31:06]} 3... Qd6 {[%clk 1:31:44]} 4. d4 {
[%clk 1:30:47]} 4... Nf6 {[%clk 1:32:07]} 5. Nf3 {[%clk 1:28:46]} 5... a6 {
[%clk 1:32:21]} 6. Be2 {[%clk 1:24:57]} 6... b5 {[%clk 1:27:23]} 7. a3 { [%clk
1:15:54]} 7... Bb7 {[%clk 1:26:48]} 8. Qd3 {[%clk 1:05:33]} 8... e6 { [%clk
1:17:15]} 9. Bg5 {[%clk 1:00:49]} 9... Nbd7 {[%clk 1:12:44]} 10. Qd2 { [%clk
0:50:52]} 10... c5 {[%clk 0:54:04]} 11. Bf4 {[%clk 0:44:41]} 11... Qb6 { [%clk
0:51:43]} 12. dxc5 {[%clk 0:42:51]} 12... Bxc5 {[%clk 0:45:37]} 13. Bg3 { [%clk
0:37:30]} 13... O-O {[%clk 0:33:14]} 14. O-O {[%clk 0:34:18]} 14... Rfd8 {[%clk
0:30:21]} 15. Qg5 {[%clk 0:26:41]} 15... h6 {[%clk 0:21:59]} 16. Qf4 { [%clk
0:20:33]} 16... Nh5 {[%clk 0:19:21]} 17. Qc7 {[%clk 0:16:55]} 17... Nxg3 {[%clk
0:19:23]} 18. Qxg3 {[%clk 0:17:16]} 18... Nf6 {[%clk 0:17:36]} 19. Rad1 {[%clk
0:15:53]} 19... Rxd1 {[%clk 0:14:11]} 20. Rxd1 {[%clk 0:16:15]} 20... Rc8
{[%clk 0:11:30]} 21. Bd3 {[%clk 0:12:17]} 21... Bxa3 {[%clk 0:07:50]} 22. bxa3
{[%clk 0:11:40]} 22... Rxc3 {[%clk 0:07:57]} 23. Qe5 {[%clk 0:09:56]} 23... Qc7
{[%clk 0:06:29]} 24. Qxc7 {[%clk 0:07:19]} 24... Rxc7 {[%clk 0:06:58] } 25. Nd4
{[%clk 0:07:22]} 25... Be4 {[%clk 0:04:29]} 26. f4 {[%clk 0:05:14]} 26... Rd7
{[%clk 0:03:16]} 27. Nb3 {[%clk 0:04:55]} 27... Bxd3 {[%clk 0:02:51]} 28. cxd3
{[%clk 0:04:54]} 28... Rc7 {[%clk 0:02:34]} 29. Rc1 {[%clk 0:05:05]} 29...
Rxc1+ {[%clk 0:02:19]} 30. Nxc1 {[%clk 0:05:32]} 30... Nd5 { [%clk 0:02:40]}
31. g3 {[%clk 0:05:44]} 31... Ne3 {[%clk 0:02:14]} 32. Nb3 { [%clk 0:05:10]}
32... Nc2 {[%clk 0:02:22]} 33. Kf2 {[%clk 0:04:30]} 33... Nxa3 {[%clk 0:02:29]}
34. Ke2 {[%clk 0:04:49]} 34... Nb1 {[%clk 0:01:38]} 35. Kd1 { [%clk 0:03:44]}
35... Nc3+ {[%clk 0:01:50]} 36. Kc2 {[%clk 0:04:02]} 36... Nd5 {[%clk 0:02:10]}
37. Kd2 {[%clk 0:04:01]} 37... Kf8 {[%clk 0:02:23]} 38. d4 { [%clk 0:03:47]}
38... Ke7 {[%clk 0:02:14]} 39. Kd3 {[%clk 0:03:30]} 39... Kf6 { [%clk 0:01:36]}
40. Ke4 {[%clk 0:01:59]} 40... Nc3+ {[%clk 0:01:05]} 41. Kd3 { [%clk 0:29:32]}
41... Nd5 {[%clk 0:31:03]} 42. Ke4 {[%clk 0:29:50]} 42... Ke7 { [%clk 0:27:58]}
43. Kd3 {[%clk 0:28:18]} 43... Kd6 {[%clk 0:16:21]} 44. Nc5 { [%clk 0:25:21]}
44... Nc7 {[%clk 0:16:13]} 45. Nb3 {[%clk 0:24:17]} 45... Kc6 { [%clk 0:15:57]}
46. Kc3 {[%clk 0:24:20]} 46... Nd5+ {[%clk 0:14:49]} 47. Kd3 { [%clk 0:23:12]}
47... Kb6 {[%clk 0:13:17]} 48. Nc5 {[%clk 0:18:27]} 48... Nf6 { [%clk 0:12:45]}
49. Kc3 {[%clk 0:17:20]} 49... a5 {[%clk 0:12:49]} 50. Kb3 { [%clk 0:16:26]}
50... Kc6 {[%clk 0:12:14]} 51. Kc3 {[%clk 0:14:54]} 51... Nd5+ {[%clk 0:11:24]}
52. Kd3 {[%clk 0:14:33]} 52... b4 {[%clk 0:10:43]} 53. h3 { [%clk 0:10:17]}
53... Kb5 {[%clk 0:10:23]} 54. Nb3 {[%clk 0:09:38]} 54... a4 { [%clk 0:10:20]}
55. Nc5 {[%clk 0:09:53]} 55... b3 {[%clk 0:09:53]} 56. Kd2 { [%clk 0:09:12]}
56... b2 {[%clk 0:04:22]} 57. Kc2 {[%clk 0:09:28]} 57... a3 { [%clk 0:04:47]}
58. Nb3 {[%clk 0:07:53]} 58... Kb4 {[%clk 0:03:44]} 59. Nd2 { [%clk 0:07:44]}
59... Ne3+ {[%clk 0:03:39]} 60. Kb1 {[%clk 0:07:52]} 60... Nc4 {[%clk 0:03:11]}
61. Ne4 {[%clk 0:07:07]} 61... f5 {[%clk 0:03:30]} 62. Nc5 { [%clk 0:07:00]}
62... Nd2+ {[%clk 0:03:58]} 63. Ka2 {[%clk 0:07:22]} 63... b1=Q# {[%clk
0:04:19]} 0-1